[Event "37th Zalakaros Festival 2018"]
[Site "Zalakaros"]
[Date "2018.05.27"]
[Round "3"]
[White "Krykun, Yuriy"]
[Black "Dmitrovic, Zoran"]
[Result "1-0"]
[WhiteElo "2338"]
[BlackElo "2069"]
[Annotator "NA"]
[PlyCount "99"]
[EventDate "2018.??.??"]
[EventType "swiss"]
[EventCountry "HUN"]
[SourceTitle "playchess.com"]
[Source "ChessBase"]
[SourceQuality "1"]
[TimeControl "40/5400+30:1800+30"]

1. Nf3 {[%emt 0:00:28]} Nf6 {[%emt 0:00:51]} 2. g3 {[%emt 0:00:21]} g6 {[%emt 0:00:18]} 3. Bg2 {[%emt 0:00:05]} Bg7 {[%emt 0:00:06]} 4. O-O {[%emt 0:00:04]} O-O {[%emt 0:00:25]} 5. d4 {[%emt 0:00:05]} d6 {[%emt 0:00:42]} 6. b3 {[%emt 0:00:07]} Nbd7 {[%emt 0:00:56]} 7. Bb2 {[%emt 0:00:06]} e5 {[%emt 0:00:52]} 8. dxe5 {[%emt 0:00:24]} Ng4 {[%emt 0:00:10]} 9. c4 {[%emt 0:00:17]} dxe5 {[%emt 0:02:45]} 10. h3 {[%emt 0:04:36]} Nh6 {[%emt 0:01:01]} 11. Nc3 {[%emt 0:00:56]} Re8 {[%emt 0:06:34]} 12. e4 {[%emt 0:03:03]} c6 {[%emt 0:00:26]} 13. Qd2 {[%emt 0:08:28]} f6 {[%emt 0:06:38]} 14. Rad1 {[%emt 0:04:52]} Nf7 {[%emt 0:00:54]} 15. h4 {[%emt 0:11:28]} Nf8 {[%emt 0:06:27]} 16. Qc2 {[%emt 0:08:23]} Qe7 {[%emt 0:01:20]} 17. Ne2 {[%emt 0:01:15]} Bg4 {[%emt 0:07:44]} 18. Nh2 {[%emt 0:00:14]} Bd7 {[%emt 0:02:44]} 19. Qc1 {[%emt 0:06:59]} Bh6 {[%emt 0:03:16]} 20. Qc3 {[%emt 0:01:39]} g5 {[%emt 0:12:26]} 21. hxg5 {[%emt 0:02:55]} Nxg5 {[%emt 0:06:54]} 22. Bc1 {[%emt 0:04:20]} Qg7 {[%emt 0:02:25]} 23. Qc2 {[%emt 0:15:44]} Nh3+ {[%emt 0:14:54]} 24. Kh1 {[%emt 0:03:16]} Bxc1 {[%emt 0:02:08]} 25. Qxc1 {[%emt 0:00:39]} Rad8 {[%emt 0:02:54]} 26. Qe3 {[%emt 0:01:51]} b6 {[%emt 0:03:35]} 27. c5 {[%emt 0:01:12]} b5 {[%emt 0:00:49]} 28. Rd6 {[%emt 0:00:31]} Ng5 {[%emt 0:00:57]} 29. Rfd1 {[%emt 0:01:08]} Nf7 {[%emt 0:00:40]} 30. R6d2 {[%emt 0:01:08]} Bc8 {[%emt 0:03:36]} 31. Nf3 {[%emt 0:02:01]} Ng6 {[%emt 0:03:56]} 32. Kg1 {[%emt 0:04:07]} Qf8 {[%emt 0:00:35]} 33. b4 {[%emt 0:00:45]} Qe7 {[%emt 0:00:20]} 34. Nc1 {[%emt 0:00:35]} Be6 {[%emt 0:03:44]} 35. Nb3 {[%emt 0:00:28]} Bxb3 {[%emt 0:00:16]} 36. Qxb3 {[%emt 0:01:09]} Kg7 {[%emt 0:00:45]} 37. a4 {[%emt 0:02:59]} a6 {[%emt 0:00:18]} 38. Bh3 {[%emt 0:00:57]} Rxd2 {[%emt 0:01:29]} 39. Rxd2 {[%emt 0:00:01]} Rd8 {[%emt 0:01:12]} 40. Rxd8 {[%emt 0:00:00]} Nxd8 {[%emt 0:01:04]} 41. Bc8 {[%emt 0:08:59]} a5 {[%emt 0:05:39]} 42. bxa5 {[%emt 0:09:18]} Qxc5 {[%emt 0:06:44]} 43. Qd1 {[%emt 0:00:26]} Qe7 {[%emt 0:05:08]} 44. a6 {[%emt 0:01:25]} Nf8 {[%emt 0:02:05]} 45. Nh4 {[%emt 0:11:16]} Qc7 {[%emt 0:02:00]} 46. Nf5+ {[%emt 0:00:11]} Kh8 {[%emt 0:00:52]} 47. Qd6 {[%emt 0:01:28]} Qxd6 {[%emt 0:00:44]} 48. Nxd6 {[%emt 0:00:09]} Nfe6 {[%emt 0:00:35]} 49. Nf7+ {[%emt 0:01:24]} Nxf7 {[%emt 0:00:38]} 50. Bxe6 {[%emt 0:00:03]} 1-0

[Event "37th Zalakaros Festival 2018"]
[Site "Zalakaros"]
[Date "2018.05.27"]
[Round "3"]
[White "Papp, Gellert"]
[Black "Hardicsay, Peter"]
[Result "0-1"]
[WhiteElo "2325"]
[BlackElo "2211"]
[Annotator "NA"]
[PlyCount "96"]
[EventDate "2018.??.??"]
[EventType "swiss"]
[EventCountry "HUN"]
[SourceTitle "playchess.com"]
[Source "ChessBase"]
[SourceQuality "1"]
[TimeControl "40/5400+30:1800+30"]

1. e4 {[%emt 0:00:48]} c5 {[%emt 0:00:39]} 2. Nf3 {[%emt 0:00:11]} Nc6 {[%emt 0:00:09]} 3. d4 {[%emt 0:00:02]} cxd4 {[%emt 0:00:12]} 4. Nxd4 {[%emt 0:00:03]} e5 {[%emt 0:00:24]} 5. Nb5 {[%emt 0:00:26]} d6 {[%emt 0:00:31]} 6. N1c3 {[%emt 0:00:34]} a6 {[%emt 0:00:40]} 7. Na3 {[%emt 0:00:16]} Be7 {[%emt 0:03:27]} 8. Nd5 {[%emt 0:02:44]} Nf6 {[%emt 0:01:54]} 9. Be3 {[%emt 0:01:25]} Nxd5 {[%emt 0:03:58]} 10. exd5 {[%emt 0:00:33]} Nd4 {[%emt 0:07:31]} 11. Bd3 {[%emt 0:07:17]} Nf5 {[%emt 0:09:45]} 12. Bd2 {[%emt 0:03:15]} O-O {[%emt 0:13:47]} 13. O-O {[%emt 0:02:46]} Nh4 {[%emt 0:06:12]} 14. Nc4 {[%emt 0:12:19]} Rb8 {[%emt 0:02:52]} 15. a4 {[%emt 0:02:30]} f5 {[%emt 0:04:09]} 16. f4 {[%emt 0:03:42]} Ng6 {[%emt 0:15:31]} 17. a5 {[%emt 0:06:36]} Nxf4 {[%emt 0:03:02]} 18. Bxf4 {[%emt 0:16:31]} exf4 {[%emt 0:00:17]} 19. Rxf4 {[%emt 0:02:18]} Bg5 {[%emt 0:03:08]} 20. Rf1 {[%emt 0:00:24]} g6 {[%emt 0:00:32]} 21. Qf3 {[%emt 0:01:36]} Qf6 {[%emt 0:04:21]} 22. c3 {[%emt 0:01:52]} Bd7 {[%emt 0:01:32]} 23. Nb6 {[%emt 0:00:43]} Rbd8 {[%emt 0:01:23]} 24. Rae1 {[%emt 0:00:19]} Qg7 {[%emt 0:04:44]} 25. Qg3 {[%emt 0:06:37]} Be7 {[%emt 0:00:26]} 26. Nxd7 {[%emt 0:07:18]} Rxd7 {[%emt 0:00:08]} 27. Re6 {[%emt 0:00:03]} Rfd8 {[%emt 0:05:20]} 28. Bc2 {[%emt 0:00:02]} Rc7 {[%emt 0:01:09]} 29. Rfe1 {[%emt 0:06:53]} Bf8 {[%emt 0:01:00]} 30. h4 {[%emt 0:05:51]} Rf7 {[%emt 0:01:15]} 31. Qg5 {[%emt 0:01:46]} Rdd7 {[%emt 0:01:36]} 32. R1e3 {[%emt 0:02:53]} Be7 {[%emt 0:01:06]} 33. Qf4 {[%emt 0:00:21]} Rd8 {[%emt 0:01:09]} 34. h5 {[%emt 0:00:56]} g5 {[%emt 0:00:50]} 35. Qb4 {[%emt 0:00:11]} f4 {[%emt 0:00:52]} 36. Re1 {[%emt 0:01:07]} g4 {[%emt 0:00:29]} 37. Qe4 {[%emt 0:01:41]} Bf8 {[%emt 0:01:03]} 38. Kh1 {[%emt 0:01:16]} Qg5 {[%emt 0:00:23]} 39. h6 {[%emt 0:01:28]} Bxh6 {[%emt 0:01:16]} 40. Re8+ {[%emt 0:00:00]} Rxe8 {[%emt 0:00:11]} 41. Qxe8+ {[%emt 0:00:32]} Bf8 {[%emt 0:02:46]} 42. Qe6 {[%emt 0:10:40]} Qh4+ {[%emt 0:13:20]} 43. Kg1 {[%emt 0:02:25]} f3 {[%emt 0:03:04]} 44. gxf3 Qg3+ 45. Kh1 Qxf3+ 46. Kg1 g3 47. Qe2 Qf2+ 48. Kh1 g2+ 0-1

[Event "37th Zalakaros Festival 2018"]
[Site "Zalakaros"]
[Date "2018.05.27"]
[Round "3"]
[White "Radovanovic, Jovica"]
[Black "Biro, Sandor"]
[Result "1/2-1/2"]
[WhiteElo "2311"]
[BlackElo "2191"]
[Annotator "NA"]
[PlyCount "41"]
[EventDate "2018.??.??"]
[EventType "swiss"]
[EventCountry "HUN"]
[SourceTitle "playchess.com"]
[Source "ChessBase"]
[SourceQuality "1"]
[TimeControl "40/5400+30:1800+30"]

1. Nf3 {[%emt 0:05:22]} Nf6 {[%emt 0:00:50]} 2. d4 {[%emt 0:00:21]} g6 {[%emt 0:00:06]} 3. c4 {[%emt 0:00:12]} Bg7 {[%emt 0:00:08]} 4. Nc3 {[%emt 0:00:27]} d5 {[%emt 0:00:08]} 5. Bf4 {[%emt 0:02:51]} O-O {[%emt 0:00:20]} 6. Rc1 {[%emt 0:01:05]} Be6 {[%emt 0:06:58]} 7. Ng5 {[%emt 0:09:02]} c5 {[%emt 0:00:19]} 8. dxc5 {[%emt 0:25:46]} d4 {[%emt 0:18:27]} 9. Nb5 {[%emt 0:01:05]} Nc6 {[%emt 0:05:08]} 10. Nc7 {[%emt 0:10:34]} Nh5 {[%emt 0:43:59]} 11. Ncxe6 {[%emt 0:10:43]} fxe6 {[%emt 0:00:07]} 12. Nxe6 {[%emt 0:01:51]} Qc8 {[%emt 0:00:05]} 13. Nxf8 {[%emt 0:00:14]} Nxf4 {[%emt 0:00:12]} 14. g3 {[%emt 0:00:18]} Nh3 {[%emt 0:09:49]} 15. Nxg6 {[%emt 0:06:37]} hxg6 {[%emt 0:00:26]} 16. Qc2 {[%emt 0:04:41]} Ne5 {[%emt 0:06:21]} 17. Rd1 {[%emt 0:08:48]} Qc6 {[%emt 0:03:19]} 18. f3 {[%emt 0:00:06]} Ng5 {[%emt 0:00:49]} 19. Bg2 {[%emt 0:04:41]} Qxc5 {[%emt 0:00:37]} 20. f4 {[%emt 0:02:21]} d3 21. Rxd3 1/2-1/2

[Event "37th Zalakaros Festival 2018"]
[Site "Zalakaros"]
[Date "2018.05.27"]
[Round "3"]
[White "Ianov, Viktor"]
[Black "Kosztolanczi, Gyula"]
[Result "1/2-1/2"]
[WhiteElo "2285"]
[BlackElo "2130"]
[Annotator "NA"]
[PlyCount "136"]
[EventDate "2018.??.??"]
[EventType "swiss"]
[EventCountry "HUN"]
[SourceTitle "playchess.com"]
[Source "ChessBase"]
[SourceQuality "1"]
[TimeControl "40/5400+30:1800+30"]

1. Nf3 {[%emt 0:03:08]} d5 {[%emt 0:00:52]} 2. g3 {[%emt 0:00:09]} c5 {[%emt 0:00:10]} 3. Bg2 {[%emt 0:00:09]} Nc6 {[%emt 0:00:06]} 4. d4 {[%emt 0:00:08]} e6 {[%emt 0:01:19]} 5. O-O {[%emt 0:00:21]} Nf6 {[%emt 0:00:07]} 6. c4 {[%emt 0:00:07]} dxc4 {[%emt 0:01:40]} 7. Qa4 {[%emt 0:03:40]} Bd7 {[%emt 0:04:08]} 8. Qxc4 {[%emt 0:00:40]} Qb6 {[%emt 0:01:34]} 9. dxc5 {[%emt 0:00:44]} Bxc5 {[%emt 0:00:33]} 10. Nc3 {[%emt 0:00:13]} Qb4 {[%emt 0:02:37]} 11. Qxb4 {[%emt 0:02:43]} Bxb4 {[%emt 0:01:37]} 12. Bd2 {[%emt 0:00:31]} O-O {[%emt 0:01:24]} 13. a3 {[%emt 0:00:57]} Be7 {[%emt 0:00:38]} 14. Bf4 {[%emt 0:00:53]} Rac8 {[%emt 0:01:59]} 15. Rfd1 {[%emt 0:01:04]} Rfd8 {[%emt 0:01:05]} 16. Rd3 {[%emt 0:05:39]} Be8 {[%emt 0:02:23]} 17. Rad1 {[%emt 0:00:10]} Rxd3 {[%emt 0:00:33]} 18. Rxd3 {[%emt 0:00:09]} Rd8 {[%emt 0:01:38]} 19. Rxd8 {[%emt 0:01:33]} Bxd8 {[%emt 0:02:50]} 20. Ne5 {[%emt 0:00:30]} Nxe5 {[%emt 0:03:27]} 21. Bxe5 {[%emt 0:00:11]} Bc6 {[%emt 0:04:46]} 22. Bxc6 {[%emt 0:00:19]} bxc6 {[%emt 0:00:04]} 23. Na4 {[%emt 0:03:39]} Nd7 {[%emt 0:02:56]} 24. Bd4 {[%emt 0:03:04]} a6 {[%emt 0:02:18]} 25. e4 {[%emt 0:01:22]} e5 {[%emt 0:01:36]} 26. Bc5 {[%emt 0:01:19]} f6 {[%emt 0:00:59]} 27. Kf1 {[%emt 0:00:22]} Kf7 {[%emt 0:00:12]} 28. Ke2 {[%emt 0:00:11]} Be7 {[%emt 0:01:00]} 29. Be3 {[%emt 0:00:27]} Ke6 {[%emt 0:05:14]} 30. Kd3 {[%emt 0:00:42]} f5 {[%emt 0:05:22]} 31. exf5+ {[%emt 0:00:51]} Kxf5 {[%emt 0:00:05]} 32. f3 {[%emt 0:00:06]} h5 {[%emt 0:00:37]} 33. h3 {[%emt 0:02:00]} Nf6 {[%emt 0:08:37]} 34. g4+ {[%emt 0:01:51]} Ke6 {[%emt 0:01:52]} 35. Nc3 {[%emt 0:01:22]} g6 {[%emt 0:04:13]} 36. Bg5 {[%emt 0:11:26]} hxg4 {[%emt 0:02:23]} 37. fxg4 {[%emt 0:03:12]} Nh7 {[%emt 0:11:55]} 38. Bxe7 {[%emt 0:02:18]} Kxe7 {[%emt 0:01:45]} 39. Ne4 {[%emt 0:00:08]} Nf8 {[%emt 0:04:30]} 40. h4 {[%emt 0:00:00]} a5 {[%emt 0:04:01]} 41. a4 {[%emt 0:05:54]} Nd7 {[%emt 0:02:36]} 42. b3 {[%emt 0:00:37]} Nb6 {[%emt 0:02:02]} 43. Nc5 {[%emt 0:06:43]} Nd5 {[%emt 0:05:47]} 44. Nb7 {[%emt 0:00:48]} Nf6 {[%emt 0:00:46]} 45. g5 {[%emt 0:00:26]} Nd7 {[%emt 0:12:25]} 46. Nxa5 {[%emt 0:00:31]} Kd6 {[%emt 0:00:08]} 47. Nc4+ {[%emt 0:01:22]} Kd5 {[%emt 0:00:10]} 48. Ne3+ {[%emt 0:00:32]} Kc5 {[%emt 0:01:39]} 49. Kc3 {[%emt 0:00:13]} Kd6 {[%emt 0:02:23]} 50. b4 {[%emt 0:01:20]} Nb8 {[%emt 0:05:13]} 51. Kc4 {[%emt 0:02:30]} Na6 {[%emt 0:02:34]} 52. Ng4 {[%emt 0:01:21]} e4 {[%emt 0:01:07]} 53. Ne3 {[%emt 0:01:54]} Ke5 {[%emt 0:00:47]} 54. b5 {[%emt 0:00:57]} cxb5+ {[%emt 0:00:29]} 55. axb5 {[%emt 0:00:02]} Nb8 {[%emt 0:03:32]} 56. b6 {[%emt 0:02:11]} Kf4 {[%emt 0:00:51]} 57. b7 {[%emt 0:03:59]} Kxe3 {[%emt 0:05:56]} 58. h5 {[%emt 0:00:16]} Kf3 {[%emt 0:01:54]} 59. hxg6 {[%emt 0:00:35]} e3 {[%emt 0:00:28]} 60. g7 {[%emt 0:00:13]} e2 {[%emt 0:00:16]} 61. g8=Q {[%emt 0:00:08]} e1=Q {[%emt 0:00:36]} 62. Qf8+ {[%emt 0:02:38]} Kg4 {[%emt 0:00:45]} 63. Qc8+ {[%emt 0:01:21]} Kxg5 {[%emt 0:01:10]} 64. Qxb8 {[%emt 0:00:22]} Qc1+ {[%emt 0:01:42]} 65. Kd5 {[%emt 0:00:15]} Qh1+ {[%emt 0:01:13]} 66. Kc5 {[%emt 0:00:44]} Qg1+ {[%emt 0:00:42]} 67. Kc6 {[%emt 0:00:15]} Qh1+ {[%emt 0:00:11]} 68. Kd7 {[%emt 0:01:13]} Qh7+ {[%emt 0:00:17]} 1/2-1/2

[Event "37th Zalakaros Festival 2018"]
[Site "Zalakaros"]
[Date "2018.05.27"]
[Round "3"]
[White "Marosi, Levente"]
[Black "Takac, Zvonko"]
[Result "1-0"]
[WhiteElo "2277"]
[BlackElo "1977"]
[Annotator "NA"]
[PlyCount "83"]
[EventDate "2018.??.??"]
[EventType "swiss"]
[EventCountry "HUN"]
[SourceTitle "playchess.com"]
[Source "ChessBase"]
[SourceQuality "1"]
[TimeControl "40/5400+30:1800+30"]

1. e4 {[%emt 0:00:03]} e6 {[%emt 0:00:43]} 2. d4 {[%emt 0:00:14]} d5 {[%emt 0:00:07]} 3. Nd2 {[%emt 0:00:16]} c5 {[%emt 0:00:34]} 4. Ngf3 {[%emt 0:00:19]} cxd4 {[%emt 0:02:23]} 5. Nxd4 {[%emt 0:00:12]} Nc6 {[%emt 0:03:19]} 6. Bb5 {[%emt 0:00:27]} Bd7 {[%emt 0:01:06]} 7. Nxc6 {[%emt 0:00:16]} bxc6 {[%emt 0:00:56]} 8. Bd3 {[%emt 0:00:14]} Bd6 {[%emt 0:01:37]} 9. Qe2 {[%emt 0:00:19]} Qc7 {[%emt 0:02:27]} 10. Nf3 {[%emt 0:00:32]} dxe4 {[%emt 0:01:10]} 11. Bxe4 {[%emt 0:01:00]} Nf6 {[%emt 0:00:11]} 12. O-O {[%emt 0:01:16]} O-O {[%emt 0:03:26]} 13. Rd1 {[%emt 0:01:27]} Rad8 {[%emt 0:03:39]} 14. Bg5 {[%emt 0:10:09]} Be7 {[%emt 0:04:33]} 15. c3 {[%emt 0:10:49]} Bc8 {[%emt 0:04:06]} 16. g3 {[%emt 0:09:51]} Nxe4 {[%emt 0:01:40]} 17. Qxe4 {[%emt 0:00:51]} f6 {[%emt 0:02:14]} 18. Be3 {[%emt 0:00:53]} e5 {[%emt 0:03:32]} 19. Qc4+ {[%emt 0:15:07]} Kh8 {[%emt 0:00:24]} 20. b4 {[%emt 0:07:29]} c5 {[%emt 0:12:29]} 21. Nd2 {[%emt 0:09:49]} Bb7 {[%emt 0:04:24]} 22. b5 {[%emt 0:01:47]} Bd5 {[%emt 0:11:14]} 23. Qe2 {[%emt 0:01:13]} f5 {[%emt 0:06:03]} 24. Re1 {[%emt 0:09:05]} Bf6 {[%emt 0:02:07]} 25. c4 {[%emt 0:01:45]} Be6 {[%emt 0:08:11]} 26. Nb3 {[%emt 0:00:57]} Be7 {[%emt 0:00:17]} 27. Bd2 {[%emt 0:03:09]} e4 {[%emt 0:02:20]} 28. Ba5 {[%emt 0:01:06]} Qe5 {[%emt 0:07:07]} 29. f4 {[%emt 0:01:25]} Qf6 {[%emt 0:02:36]} 30. Bxd8 {[%emt 0:00:05]} Rxd8 {[%emt 0:00:05]} 31. Rad1 {[%emt 0:00:31]} Qc3 {[%emt 0:02:10]} 32. Rxd8+ {[%emt 0:02:52]} Bxd8 {[%emt 0:00:01]} 33. Rc1 {[%emt 0:00:07]} Qb4 {[%emt 0:02:36]} 34. Qd2 {[%emt 0:01:35]} Qxd2 {[%emt 0:00:42]} 35. Nxd2 {[%emt 0:00:02]} Kg8 {[%emt 0:01:05]} 36. Nb3 {[%emt 0:00:26]} Be7 {[%emt 0:00:06]} 37. a4 {[%emt 0:01:13]} Kf7 {[%emt 0:00:08]} 38. a5 {[%emt 0:01:30]} Ke8 {[%emt 0:00:23]} 39. b6 {[%emt 0:00:53]} axb6 {[%emt 0:00:13]} 40. axb6 {[%emt 0:00:00]} Kd7 {[%emt 0:02:19]} 41. Na5 {[%emt 0:06:54]} Bf6 {[%emt 0:07:36]} 42. b7 {[%emt 0:00:24]} 1-0

[Event "37th Zalakaros Festival 2018"]
[Site "Zalakaros"]
[Date "2018.05.27"]
[Round "3"]
[White "Vegh, Endre"]
[Black "Horvath, Adam"]
[Result "0-1"]
[WhiteElo "2264"]
[BlackElo "2481"]
[Annotator "TA"]
[PlyCount "48"]
[EventDate "2018.??.??"]
[EventType "swiss"]
[EventCountry "HUN"]
[SourceTitle "playchess.com"]
[Source "ChessBase"]
[SourceQuality "1"]

{[%evp 9,48,9,22,0,-4,-14,10,13,33,0,0,-18,-27,-29,0,-10,-32,-51,-52,-51,-36,-36,-37,-57,-28,-128,-91,-81,-80,-197,-197,-252,-246,-202,-222,-1365,-1354,-1367,-1326,-29997,-29998]} 1. d4 Nf6 2. Bg5 c6 3. Bxf6 gxf6 4. e3 (4. c4 d5 5. e3 Bg7 6. Nc3 e6 7. Rc1 O-O 8. cxd5 cxd5 9. Bd3 f5 10. Nh3 Nc6 11. O-O Bd7 12. Nf4 Rc8 {½-½ (29) Schneider,I (2489)-Korobov,A (2713) Karlsruhe 2016}) 4... Qb6 5. b3 e5 6. c3 {A45: Trompowsky Attack} d5 7. Qh5 $146 ({Predecessor:} 7. Bd3 e4 8. Bf1 Be6 9. Ne2 Bd6 10. Nd2 Nd7 11. c4 Qd8 {0-1 (43) Bui,V (2488)-Okhotnik,V (2447) Hungary 2009}) 7... exd4 8. exd4 {The position is equal.} c5 9. Nf3 Nc6 {[%cal Rc5d4,Bb8c6,Bc6e5,Be5f3][%mdl 32]} ({But not} 9... Qe6+ 10. Kd1 $16) 10. Bd3 cxd4 11. O-O Be6 12. Bf5 O-O-O $1 13. Bxe6+ fxe6 14. Qf7 Ne5 15. Qxf6 Nxf3+ 16. Qxf3 Bg7 {[%cal Bf8g7,Bg7d4,Bd4f2][%mdl 32] Threatens to win with ...Qc7.} 17. cxd4 (17. Qd3 $11) 17... Bxd4 ({Of course not} 17... Qxd4 $6 18. Na3 $11) 18. Nc3 Rdf8 $36 {[%mdl 2048] Keeping White busy.} 19. Qg3 (19. Rac1 $17 Rxf3 20. Nxd5+ Qc5 21. Rxc5+ Bxc5 22. gxf3) 19... Rhg8 $19 20. Qh3 (20. Rac1 $142 Rxg3 21. Nxd5+ Qc5 22. Rxc5+ Bxc5 23. hxg3) 20... Bxf2+ ({Resist} 20... Rxf2 21. Rxf2 Bxf2+ 22. Kh1 $17) 21. Kh1 Qe3 22. Qxh7 $2 (22. Qxe3 Bxe3 23. Rad1) 22... Rh8 23. Qg7 Rfg8 24. Qf6 {[#]} Rxh2+ $1 {[%mdl 512] Precision: White = 19%, Black = 78%.} 0-1

[Event "37th Zalakaros Festival 2018"]
[Site "Zalakaros"]
[Date "2018.05.27"]
[Round "3"]
[White "Peczely, Sebastian Zsombor"]
[Black "Tompa, Janos"]
[Result "1/2-1/2"]
[WhiteElo "2244"]
[BlackElo "2372"]
[Annotator "NA"]
[PlyCount "30"]
[EventDate "2018.??.??"]
[EventType "swiss"]
[EventCountry "HUN"]
[SourceTitle "playchess.com"]
[Source "ChessBase"]
[SourceQuality "1"]
[TimeControl "40/5400+30:1800+30"]

1. e4 {[%emt 0:00:03]} e5 {[%emt 0:01:30]} 2. Nf3 {[%emt 0:00:06]} Nc6 {[%emt 0:00:05]} 3. Bb5 {[%emt 0:00:04]} a6 {[%emt 0:00:06]} 4. Ba4 {[%emt 0:00:04]} d6 {[%emt 0:00:06]} 5. c4 {[%emt 0:01:43]} Bd7 {[%emt 0:00:58]} 6. Bxc6 {[%emt 0:00:22]} Bxc6 {[%emt 0:02:33]} 7. d3 {[%emt 0:00:11]} Nf6 {[%emt 0:07:52]} 8. Nc3 {[%emt 0:00:18]} g6 {[%emt 0:00:51]} 9. h3 {[%emt 0:02:12]} Bg7 {[%emt 0:00:14]} 10. Be3 {[%emt 0:00:08]} O-O {[%emt 0:01:09]} 11. Qd2 {[%emt 0:00:11]} b5 {[%emt 0:10:52]} 12. b3 {[%emt 0:01:19]} Rb8 {[%emt 0:09:01]} 13. O-O {[%emt 0:01:20]} Re8 {[%emt 0:05:31]} 14. a4 {[%emt 0:03:14]} bxc4 {[%emt 0:04:48]} 15. bxc4 {[%emt 0:00:08]} Qd7 {[%emt 0:00:22]} 1/2-1/2

[Event "37th Zalakaros Festival 2018"]
[Site "Zalakaros"]
[Date "2018.05.27"]
[Round "3"]
[White "Veleski, Robert"]
[Black "Chernyshov, Konstantin"]
[Result "0-1"]
[WhiteElo "2225"]
[BlackElo "2478"]
[Annotator "TA"]
[PlyCount "106"]
[EventDate "2018.??.??"]
[EventType "swiss"]
[EventCountry "HUN"]
[SourceTitle "playchess.com"]
[Source "ChessBase"]
[SourceQuality "1"]

{[%evp 12,106,0,0,0,0,0,0,9,11,43,45,38,5,3,-6,-13,-6,-9,-2,-12,-36,-11,-13,-8,-8,-10,-73,-30,-30,-30,-37,-23,-28,-27,-45,-50,-58,-58,-58,-51,-58,-44,-58,-58,-58,-58,-58,-58,-58,-58,-64,-58,-121,-114,-128,-121,-120,-122,-274,-274,-274,-272,-273,-267,-261,-257,-254,-252,-335,-255,-292,-271,-286,-273,-342,-325,-434,-428,-400,-285,-247,-269,-248,-251,-268,-268,-268,-268,-268,-268,-261,-261,-728,-722,-769,-729]} 1. e4 c5 2. Nf3 Nc6 3. Bb5 g6 4. O-O Bg7 5. c3 a6 6. Ba4 b5 7. Bc2 {LiveBook: 9 Games} d6 {B31: Sicilian: 2...Nc6 3 Bb5 g6} (7... e5 8. a4 Rb8 9. d3 d6 10. Re1 Nf6 11. Bb3 Na5 12. Bc2 Nc6 13. Nbd2 O-O 14. h3 h6 15. Bb3 Na5 16. Bc2 Nc6 17. Nf1 Kh7 18. Bb3 Na5 19. Bc2 Nc6 20. Bb3 {½-½ (20) Matikozian,A (2400)-Khachiyan,M (2478) Los Angeles 2012}) 8. d4 cxd4 9. Nxd4 Bd7 {The position is equal.} 10. a4 Rb8 11. axb5 axb5 12. Be3 Nf6 13. Nd2 $146 ({Predecessor:} 13. h3 O-O 14. Nd2 Qc7 15. f4 {0-1 (67) Safranska,A (2293)-Lakos,N (2260) Germany 2006}) 13... O-O 14. Qe2 b4 15. c4 Ra8 16. N2b3 Qc7 17. Nxc6 Bxc6 18. f3 Nd7 19. Bd4 (19. Nd4 $11) 19... Nc5 {[#] And now ...Nxb3 would win.} 20. Bxg7 Kxg7 21. Qe3 Nxb3 22. Bxb3 Bd7 23. Rac1 Ra5 24. Rc2 Rfa8 25. Rfc1 Rc5 26. Kf2 f6 27. Qd2 Be6 28. Kf1 Qb7 29. Qd4 Raa5 30. Kg1 Qa7 31. Qf2 Ra6 32. g4 (32. g3 $15) 32... Raa5 33. Kg2 Qa8 34. Qe1 Qb7 35. Ra1 $2 (35. Qe2 $17 {keeps fighting.}) 35... Rxa1 $19 36. Qxa1 {[#]} Bxg4 $1 {[%mdl 512]} 37. Qe1 (37. fxg4 Qxe4+) 37... Be6 38. Qe3 Qa6 39. Rc1 Qa5 40. h4 Bf7 41. f4 Qa8 42. Kg3 Qc8 43. Ra1 h5 ({Don't do} 43... Bxc4 44. Bd1 $19) 44. f5 Re5 45. Kf2 Qc5 46. Qxc5 dxc5 {[%mdl 4096] Endgame KRB-KRB} 47. Bc2 Bxc4 48. Rg1 Bf7 49. b3 Kh6 50. fxg6 Bxg6 51. Kf3 Bf7 52. Bd3 $2 (52. Ke3) 52... Bxb3 53. Bb5 Bc2 {Precision: White = 32%, Black = 80%.} 0-1